<?xml version="1.0" encoding="UTF-8"?>
<record
    xmlns:xsi="http://www.w3.org/2001/XMLSchema-instance"
    xsi:schemaLocation="http://www.loc.gov/MARC21/slim http://www.loc.gov/standards/marcxml/schema/MARC21slim.xsd"
    xmlns="http://www.loc.gov/MARC21/slim">

  <leader>01081nam a22002057a 4500</leader>
  <datafield tag="999" ind1=" " ind2=" ">
    <subfield code="c">67965</subfield>
    <subfield code="d">67965</subfield>
  </datafield>
  <controlfield tag="005">20231013064007.0</controlfield>
  <controlfield tag="008">      s2553    th ||||| |||| 00| 0 tha d</controlfield>
  <datafield tag="040" ind1=" " ind2=" ">
    <subfield code="a">NALT</subfield>
  </datafield>
  <datafield tag="090" ind1=" " ind2=" ">
    <subfield code="a">KI 23  </subfield>
    <subfield code="b">&#xE1E;983&#xE20; 2553</subfield>
  </datafield>
  <datafield tag="100" ind1="0" ind2=" ">
    <subfield code="a">&#xE44;&#xE1E;&#xE08;&#xE34;&#xE15;&#xE23; &#xE42;&#xE23;&#xE08;&#xE19;&#xE27;&#xE32;&#xE19;&#xE34;&#xE0A;</subfield>
    <subfield code="9">41318</subfield>
  </datafield>
  <datafield tag="245" ind1="1" ind2="0">
    <subfield code="a">&#xE20;&#xE32;&#xE29;&#xE35;&#xE2A;&#xE23;&#xE23;&#xE1E;&#xE32;&#xE01;&#xE23; : </subfield>
    <subfield code="b">&#xE04;&#xE33;&#xE2D;&#xE18;&#xE34;&#xE1A;&#xE32;&#xE22;&#xE1B;&#xE23;&#xE30;&#xE21;&#xE27;&#xE25;&#xE23;&#xE31;&#xE29;&#xE0E;&#xE32;&#xE01;&#xE23; &#xE40;&#xE25;&#xE48;&#xE21; 2 /</subfield>
    <subfield code="c">&#xE44;&#xE1E;&#xE08;&#xE34;&#xE15;&#xE23; &#xE42;&#xE23;&#xE08;&#xE19;&#xE27;&#xE32;&#xE19;&#xE34;&#xE0A;, &#xE0A;&#xE38;&#xE21;&#xE1E;&#xE23; &#xE40;&#xE2A;&#xE19;&#xE44;&#xE2A;&#xE22;, &#xE2A;&#xE32;&#xE42;&#xE23;&#xE0A;  &#xE17;&#xE2D;&#xE07;&#xE1B;&#xE23;&#xE30;&#xE04;&#xE33;.</subfield>
  </datafield>
  <datafield tag="260" ind1=" " ind2=" ">
    <subfield code="a">&#xE01;&#xE23;&#xE38;&#xE07;&#xE40;&#xE17;&#xE1E;&#xE2F; : </subfield>
    <subfield code="b">&#xE2A;&#xE32;&#xE21;&#xE40;&#xE08;&#xE23;&#xE34;&#xE0D;&#xE1E;&#xE32;&#xE13;&#xE34;&#xE0A;&#xE22;&#xE4C; (&#xE01;&#xE23;&#xE38;&#xE07;&#xE40;&#xE17;&#xE1E;), </subfield>
    <subfield code="c">2553.</subfield>
  </datafield>
  <datafield tag="300" ind1=" " ind2=" ">
    <subfield code="a">1 &#xE40;&#xE25;&#xE48;&#xE21; :</subfield>
    <subfield code="b">&#xE15;&#xE32;&#xE23;&#xE32;&#xE07; ;</subfield>
    <subfield code="c">26 &#xE0B;&#xE21;.</subfield>
  </datafield>
  <datafield tag="650" ind1=" " ind2="4">
    <subfield code="a">&#xE20;&#xE32;&#xE29;&#xE35;&#xE21;&#xE39;&#xE25;&#xE04;&#xE48;&#xE32;&#xE40;&#xE1E;&#xE34;&#xE48;&#xE21;</subfield>
    <subfield code="9">5214</subfield>
  </datafield>
  <datafield tag="700" ind1="0" ind2=" ">
    <subfield code="a">&#xE0A;&#xE38;&#xE21;&#xE1E;&#xE23; &#xE40;&#xE2A;&#xE19;&#xE44;&#xE2A;&#xE22;.</subfield>
    <subfield code="9">5213</subfield>
  </datafield>
  <datafield tag="700" ind1="0" ind2=" ">
    <subfield code="a">&#xE2A;&#xE32;&#xE42;&#xE23;&#xE0A;  &#xE17;&#xE2D;&#xE07;&#xE1B;&#xE23;&#xE30;&#xE04;&#xE33;</subfield>
    <subfield code="9">41317</subfield>
  </datafield>
  <datafield tag="850" ind1=" " ind2=" ">
    <subfield code="a">NALT</subfield>
  </datafield>
  <datafield tag="942" ind1=" " ind2=" ">
    <subfield code="c">LB</subfield>
    <subfield code="2">local</subfield>
  </datafield>
  <datafield tag="998" ind1=" " ind2=" ">
    <subfield code="j">1020</subfield>
    <subfield code="k"> &#xE19;&#xE32;&#xE07;&#xE08;&#xE33;&#xE40;&#xE23;&#xE35;&#xE22;&#xE07;  &#xE23;&#xE30;&#xE27;&#xE31;&#xE07;&#xE2A;&#xE33;&#xE42;&#xE23;&#xE07;</subfield>
  </datafield>
  <datafield tag="952" ind1=" " ind2=" ">
    <subfield code="0">0</subfield>
    <subfield code="1">0</subfield>
    <subfield code="2">local</subfield>
    <subfield code="4">0</subfield>
    <subfield code="7">0</subfield>
    <subfield code="8">CLAW</subfield>
    <subfield code="a">NALT</subfield>
    <subfield code="b">NALT</subfield>
    <subfield code="d">2022-05-10</subfield>
    <subfield code="e">&#xE1A;&#xE23;&#xE34;&#xE08;&#xE32;&#xE04;</subfield>
    <subfield code="l">0</subfield>
    <subfield code="o">KI 23 &#xE1E;983&#xE20; 2553 </subfield>
    <subfield code="p">3961192124</subfield>
    <subfield code="r">2022-05-10 00:00:00</subfield>
    <subfield code="t">&#xE25;.2</subfield>
    <subfield code="w">2017-06-09</subfield>
    <subfield code="y">LB</subfield>
  </datafield>
</record>
